000 00647nam a2200253Ia 4500
005 20250425162343.0
008 250425s9999 xx 000 0 und d
020 _a9789978357507
041 _aspa
043 _aec
082 _a342.052 46
100 _aHANSEN, ROBERT J.
245 0 _aECUADOR MANUAL DE OBLIGACIONES TRIBUTARIAS: CIERRE FISCAL 2008
250 _a2A ED.
260 _aEcuador
_bHANSEN-HOLM
_c2008
260 _aGUAYAQUIL
_bHANSEN-HOLM
300 _a415
650 _aEQUIDAD TRIBUTARIA
650 _aIMPUESTO A LA RENTA
650 _aTRIBUTACION
710 _aHANSEN-HOLM & CO.
942 _c01
010 _a64899
999 _c227519
_d227519